Catálogo público

Evaluación de dietas a base de alfalfa (Medicago sativa L.) o treból blanco (Trifolium repens L.) en la engorda de conejos / (Record no. 219645)

MARC details
000 -CABECERA
campo de control de longitud fija 02979nam a2200325 a 4500
003 - IDENTIFICADOR DEL NÚMERO DE CONTROL
campo de control OSt
005 - FECHA Y HORA DE LA ÚLTIMA TRANSACCIÓN
campo de control 20240911144951.0
007 - CAMPO FIJO DE DESCRIPCIÓN FÍSICA--INFORMACIÓN GENERAL
campo de control de longitud fija cr ||||||a|c|a
008 - DATOS DE LONGITUD FIJA--INFORMACIÓN GENERAL
campo de control de longitud fija 240207s2019 mx a|||fom||| 001 0 spa d
040 ## - FUENTE DE LA CATALOGACIÓN
Normas de descripción rda
100 1# - ENTRADA PRINCIPAL--NOMBRE DE PERSONA
9 (RLIN) 188650
Nombre de persona Alavez Ordoñez, Josué
245 10 - MENCIÓN DE TÍTULO
Título Evaluación de dietas a base de alfalfa (Medicago sativa L.) o treból blanco (Trifolium repens L.) en la engorda de conejos /
Mención de responsabilidad, etc. por Josué Alavez Ordoñez y José Enrique Estevané Guzmán ; director de tesis Fernando González Cerón.
264 #1 - PRODUCCIÓN, PUBLICACIÓN, DISTRIBUCIÓN, FABRICACIÓN Y COPYRIGHT
Producción, publicación, distribución, fabricación y copyright Chapingo, México :
Nombre del de productor, editor, distribuidor, fabricante El autor,
Fecha de producción, publicación, distribución, fabricación o copyright 2019.
300 ## - DESCRIPCIÓN FÍSICA
Extensión 1 recurso en línea (57 páginas):
Otras características físicas cuadros.
336 ## - TIPO DE CONTENIDO
Fuente rdacontent
Término de tipo de contenido texto
Código de tipo de contenido txt
337 ## - TIPO DE MEDIO
Fuente rdamedia
Nombre/término del tipo de medio computadora
Código del tipo de medio c
338 ## - TIPO DE SOPORTE
Fuente rdacarrier
Nombre/término del tipo de soporte recurso en línea
Código del tipo de soporte cr
502 ## - NOTA DE TESIS
Tipo de título Ingeniero Agrónomo Especialista en Zootecnia
Nombre de la institución que otorga el título Departamento de Enseñanza, Investigación y Servicio en Zootecnia,
Año de obtención del título 2019.
Información miscelánea Licenciatura
504 ## - NOTA DE BIBLIOGRAFÍA, ETC.
Nota de bibliografía, etc. Incluye referencias bibliográficas: páginas 51-57.
520 ## - SUMARIO, ETC.
Sumario, etc. El conejo es un mamífero con capacidad de consumir dietas altas en fibra. El objetivo del presente experimento fue evaluar el comportamiento productivo de conejos alimentados con dietas a base de trébol blanco (Dieta 1) y alfalfa (Dieta 2). El experimento se llevó a cabo durante el periodo otoño-invierno de 2018. Se utilizaron 111 conejos (machos y hembras) destetados, a 31 días de edad. Los animales fueron distribuidos aleatoriamente en los dos tratamientos con 10 repeticiones, de cuatro a seis animales por jaula, de manera que 56 conejos recibieron la Dieta 1 y 55 la Dieta 2. Todos los animales tuvieron acceso libre a alimento y agua durante los 35 días de engorda. Las variables que se evaluaron fueron: peso vivo (PV) semanal, ganancia de peso (GP), conversión alimenticia (CA) y rendimiento en canal caliente (RCC) y fría (RCF). No se detectaron diferencias (P≥0.05) entre tratamientos para dichas variables. Al final del periodo de engorda, los PV de los conejos alimentados con las dietas 1 y 2 fueron: 2012±36 y 1960±37 g, respectivamente. La ganancia de peso en el periodo de 1 a 35 días de engorda fue 1126±55 y 995±56 g animal-1 para las dietas 1 y 2, respectivamente. Además, la conversión alimenticia en el mismo periodo y orden de tratamientos fue de 3.3±0.2 y 3.4±0.2 g/g. Los rendimientos en canal caliente y fría fueron 48.0±0.5 y 55.9±0.6% para la Dieta 1, y 48.1±0.5 y 55.8±0.7% para la Dieta 2. Se concluye que, con la inclusión de trébol blanco en dietas para engorda de conejos se obtiene el mismo desempeño productivo que al usar alfalfa.
650 #4 - PUNTO DE ACCESO ADICIONAL DE MATERIA--TÉRMINO DE MATERIA
9 (RLIN) 26353
Término de materia o nombre geográfico como elemento de entrada Conejos
Subdivisión general Alimentación
650 #4 - PUNTO DE ACCESO ADICIONAL DE MATERIA--TÉRMINO DE MATERIA
9 (RLIN) 26374
Término de materia o nombre geográfico como elemento de entrada Conejos
Subdivisión general Peso
650 #4 - PUNTO DE ACCESO ADICIONAL DE MATERIA--TÉRMINO DE MATERIA
9 (RLIN) 3899
Término de materia o nombre geográfico como elemento de entrada Alfalfa como forraje
650 #4 - PUNTO DE ACCESO ADICIONAL DE MATERIA--TÉRMINO DE MATERIA
9 (RLIN) 188652
Término de materia o nombre geográfico como elemento de entrada Trebol blanco como forraje
650 #4 - PUNTO DE ACCESO ADICIONAL DE MATERIA--TÉRMINO DE MATERIA
9 (RLIN) 19149
Término de materia o nombre geográfico como elemento de entrada Carne de conejo
Subdivisión general Producción
700 1# - PUNTO DE ACCESO ADICIONAL--NOMBRE DE PERSONA
9 (RLIN) 188651
Nombre de persona Estevané Guzmán, José Enrique
700 1# - PUNTO DE ACCESO ADICIONAL--NOMBRE DE PERSONA
9 (RLIN) 48783
Nombre de persona González Cerón, Fernando
Término indicativo de función/relación Director de tesis.
856 ## - LOCALIZACIÓN Y ACCESO ELECTRÓNICOS
Identificador Uniforme del Recurso http://10.13.5.2/tesis/tl/Alvarez_Ordonez_Josue.pdf
Nota pública DESCARGAR PDF
942 ## - ELEMENTOS DE PUNTO DE ACCESO ADICIONAL (KOHA)
Fuente del sistema de clasificación o colocación Clasificación Universidad Autónoma Chapingo
Tipo de ítem Koha Tesis digital
Holdings
Estado de retiro Estado de pérdida Fuente del sistema de clasificación o colocación Estado dañado Restricciones de uso No para préstamo Código de colección Localización permanente Ubicación/localización actual Ubicación en estantería Fecha de adquisición Total de préstamos Signatura topográfica completa Fecha visto por última vez Precio válido a partir de Tipo de ítem Koha
    Clasificación Universidad Autónoma de Chapingo   Préstamo interno   Tesis digitales de Licenciatura Biblioteca Digital Biblioteca Digital En línea 07/02/2024   Tesis digital 07/02/2024 07/02/2024 Tesis digital